Plan de desarrollo urbano para la ciudad de Malpaisillo 2005/2015
Presenta un plan de desarrollo urbano para la ciudad de Malpaisillo 2005/2015 el cual contiene propuesta a costo, mediano y largo, con el fin de contribuir a una mejor gestión y ordenamiento de la ciudad, potenciando las capacidades actuales y futuras en función de mejoramiento del nivel de vida,...
| Main Authors: | , |
|---|---|
| Other Authors: | |
| Format: | Tesis Section = Libro |
| Language: | Undetermined Spanish |
| Published: |
Managua
UNI
2006
|
| Subjects: |
| LEADER | 01262nam a2200277Ia 4500 | ||
|---|---|---|---|
| 008 | 240830s9999 xx 000 0 und d | ||
| 040 | |a BIBLIOTECA-RUSB/ Mon 711.4 G643 | ||
| 041 | |a spa | ||
| 082 | |a Mon 711.4 G643 | ||
| 100 | 1 | |a González Tamariz , Gustavo César | |
| 100 | 1 | |b Blanco Rocha, Lester Danilo | |
| 245 | 1 | 0 | |a Plan de desarrollo urbano para la ciudad de Malpaisillo 2005/2015 |
| 260 | |a Managua |b UNI |c 2006 | ||
| 300 | |a 171 p. :il. | ||
| 500 | |a Contiene: anexos y glosarios. | ||
| 502 | |a Tesis (Arquitecto) - UNI, 2006. | ||
| 520 | 3 | |a Presenta un plan de desarrollo urbano para la ciudad de Malpaisillo 2005/2015 el cual contiene propuesta a costo, mediano y largo, con el fin de contribuir a una mejor gestión y ordenamiento de la ciudad, potenciando las capacidades actuales y futuras en función de mejoramiento del nivel de vida, así como el de la imagen urbana de la ciudad y medio natural de su entorno. | |
| 650 | 7 | |a PLANES Y PLANIFICACION DE LA CIUDAD - MALPAISILLO | |
| 650 | 7 | |b CARACTERISTICAS SOCIOECONOMICA - MALPAISILLO | |
| 650 | 7 | |c diagnóstico - MALPAISILLO | |
| 650 | 7 | |d VIVIENDA URBANA | |
| 650 | 7 | |e POLITICAS URBANAS | |
| 700 | 1 | |a Tutor: |b González, Samuel | |
| 942 | |c BK |2 ddc | ||
| 991 | |a TESIS | ||
| 999 | |c 20915 | ||